00356nam a2200145 450000500170000001000150001702000120003203500140004403700090005808200110006710000230007824500520010126000280015330000290018120250130113224.0 aENG-143624 c5500.00 aEN-127156 bDBAD a646.74 aJerajani, Seema V. aArt of Indian Coiffures /cby Seema V. Jerajani bSeema V. Jerajanic2018 a144p.:billus.c30cm(Hb)